Pozycja Corporate Name
Liczba rekordów, w których użyto hasła: 1
001 - Numer kontrolny
- control field: 39267
003 - Identyfikator numeru kontrolnego
- control field: NUKAT
005 - Data i czas ostatniej modyfikacji
- control field: 20260330224610.0
008 - Dane kontrolne kodowane (40 znaków)
- fixed length control field: 071213n||a|znnaabn |a ana |c
010 ## - Numer kontrolny Biblioteki Kongresu
- numer kontrolny LC: n 2007041227
024 7# - OTHER STANDARD IDENTIFIER
- Standard number or code: 163099419
- Source of number or code: viaf
040 ## - Instytucja sporządzająca rekord
- inst. przygot. dane do rek. khw: WA U/ZAKO
- język haseł przedmiotowych/tezaurus: kaba
- inst. wprow. rek. khw: WA U/ZAKO
- inst. modyf. rek. khw: WA U/ZAKOs
- inst. modyf. rek. khw: WA U/JPLsynat
- inst. modyf. rek. khw: KR U/LM
- inst. modyf. rek. khw: KR 295/MAP
- inst. modyf. rek. khw: BSTOK 010/TCh
- inst. modyf. rek. khw: WA U/PC
- inst. modyf. rek. khw: STAD 001/BP
043 ## - Kod obszaru geograficznego
- ISO code: PL
046 ## - Special dates
- Start period: 1925
- End period: 1949?
- Date source: edtf
110 2# - Hasło - nazwa ciała zbiorowego
- nazwa ciała zbior. lub geogr. na pocz.: Księgarnia i Drukarnia Katolicka (Katowice).
368 ## - Other Attributes
- Corp type: Księgarnie.
368 ## - Other Attributes
- Corp type: Drukarnie.
370 ## - Associated place
- Country: Polska.
370 ## - Associated place
- Residence/HQ: Katowice (Polska).
377 ## - Assoc lang
- Lang code: pol
410 2# - Trop zob. - nazwa ciała zbiorowego
- nazwa ciała zbior. lub geogr. na pocz.: Księgarnia i Drukarnia Katolicka Sp. Akc.
410 2# - Trop zob. - nazwa ciała zbiorowego
- nazwa ciała zbior. lub geogr. na pocz.: Księgarnia i Drukarnia Katolicka Spółka Akcyjna.
410 2# - Trop zob. - nazwa ciała zbiorowego
- nazwa ciała zbior. lub geogr. na pocz.: Katholische Buchdruckerei u. Verlags A.-G.
410 2# - Trop zob. - nazwa ciała zbiorowego
- nazwa ciała zbior. lub geogr. na pocz.: Księgarnia i Drukarnia Katolicka SA.
410 2# - Trop zob. - nazwa ciała zbiorowego
- nazwa ciała zbior. lub geogr. na pocz.: Księgarnia i Drukarnia Katolicka S. A.
510 2# - Trop zob. też - nazwa ciała zbiorowego
- podpole kontrolne: b
- nazwa ciała zbior. lub geogr. na pocz.: Drukarnia Diecezjalna (Katowice).
510 2# - Trop zob. też - nazwa ciała zbiorowego
- podpole kontrolne: b
- nazwa ciała zbior. lub geogr. na pocz.: Drukarnia Archidiecezjalna (Katowice).
665 ## - Nota historyczna
- nota historyczna: Księgarnia i Drukarnia Katolicka w Katowicach powstała w 1925 r. II wojna światowa i okupacja niemiecka przyniosły konfiskatę Drukarni i zasobów wydawniczych. Po wojnie rozdzielono jako odrębne przedsiębiorstwa Drukarnię i Wydawnictwo, które weszło w ramy nowej spółki pod nazwą Księgarnia św. Jacka. Do roku 1949 ukazywały się jeszcze publikacje sygnowane Drukarnia i Księgarnia katolicka. Reaktywowano w 1985 jako Drukarnię Diecezjalną w Katowicach. W 1992 zmiana nazwy na Drukarnia Archidiecezjalna w Katowicach.
670 ## - Źródło informacji
- źródło informacji: Kp. Książki o masonerii - Katowice, [ca. 1938].
- gdzie znaleziono informację: (Księgarnia i Drukarnia Katolicka Sp. Akc.)
670 ## - Źródło informacji
- źródło informacji: Drukarnia Archidiecezjalna w Katowicach, 17.10.12
- adres internetowy: http://www.drukarch.com.pl/home.php
670 ## - Źródło informacji
- źródło informacji: Śląska Biblioteka Cyfrowa, 17.10.12
- gdzie znaleziono informację: (Katalog nakładowy Księgarni i Drukarni Katolickiej)
670 ## - Źródło informacji
- źródło informacji: Kp. Wesołe piosenki : zbiór łatwych piosenek dla przedszkoli i niższych oddziałów szkoły powszechnej / Karol Hławiczka. - Katowice, 1936.
- gdzie znaleziono informację: Wyd. ; s. tyt.: (nakładem i drukiem: Księgarni i Drukarni Katolickiej Spółki Akcyjnej w Katowicach)
670 ## - Źródło informacji
- źródło informacji: Nabożeństwo na czas wojny / wyd. przez Referat Duszpasterski przy Kurii Diecezjalnej w Katowicach. - Kattowitz, 1939.
- gdzie znaleziono informację: (Katholische Buchdruckerei u. Verlags A.-G.)
670 ## - Źródło informacji
- źródło informacji: Rozmowa tel. z przedstawicielem Księgarni Św. Jacka, która jest kontynuatorką "Księgarni i Drukarni Katolickiej" założonej w 1925 wraz z powstaniem Diecezji Katowickiej.
670 ## - Źródło informacji
- źródło informacji: Kp. Prasa katolicka orężem prawdy / Kl. Kosyrczyk. - Katowice, [1939].
- gdzie znaleziono informację: Wyd. ; s. 32 (Księgarnia i Drukarnia Katolicka S. A.).
670 ## - Źródło informacji
- źródło informacji: Kp. Śpiew kościelny a szkoła / Wojciech Orzech. - Katowice, 1930.
- gdzie znaleziono informację: Wydawca